Mathematical Analysis and Applications II (Record no. 49500)
[ view plain ]
| 000 -LEADER | |
|---|---|
| fixed length control field | 01474nam a2200241Ia 4500 |
| 000 - LEADER | |
| fixed length control field | 04670naaa 01201uu |
| 001 - CONTROL NUMBER | |
| control field | https://directory.doabooks.org/handle/20.500.12854/52869 |
| 005 - DATE AND TIME OF LATEST TRANSACTION | |
| control field | 20260218105822.0 |
| 008 - FIXED-LENGTH DATA ELEMENTS--GENERAL INFORMATION | |
| fixed length control field | 211013s9999 xx 000 0 und d |
| 020 ## - INTERNATIONAL STANDARD BOOK NUMBER | |
| International Standard Book Number | 9783039283842 |
| 024 ## - OTHER STANDARD IDENTIFIER | |
| Standard number or code | 10.3390/books978-3-03928-385-9 |
| 042 ## - AUTHENTICATION CODE | |
| Authentication code | dc |
| 245 #0 - TITLE STATEMENT | |
| Title | Mathematical Analysis and Applications II |
| 260 ## - PUBLICATION, DISTRIBUTION, ETC. | |
| Name of publisher, distributor, etc. | MDPI - Multidisciplinary Digital Publishing Institute |
| Date of publication, distribution, etc. | 2020 |
| 300 ## - PHYSICAL DESCRIPTION | |
| Extent | 1 electronic resource (226 p.) |
| 520 ## - SUMMARY, ETC. | |
| Summary, etc. | This issue is a continuation of the previous successful Special Issue Mathematical Analysis and Applications <https://www.mdpi.com/journal/axioms/special_issues/mathematical_analysis>. Investigations involving the theory and applications of mathematical analytical tools and techniques are remarkably widespread in many diverse areas of the mathematical, physical, chemical, engineering and statistical sciences. In this Special Issue, we invite and welcome review, expository and original research articles dealing with the recent advances in mathematical analysis and its multidisciplinary applications. |
| 540 ## - TERMS GOVERNING USE AND REPRODUCTION NOTE | |
| Terms governing use and reproduction | Creative Commons |
| 653 ## - INDEX TERM--UNCONTROLLED | |
| Uncontrolled term | common fixed circle |
| 700 1# - ADDED ENTRY--PERSONAL NAME | |
| Personal name | Srivastava, Hari Mohan |
| 856 ## - ELECTRONIC LOCATION AND ACCESS | |
| Uniform Resource Identifier | <a href="https://docs.google.com/spreadsheets/d/1yKIrdCPDAG_9c22mwoOIO2DOhtj65Wqa/edit?usp=sharing&ouid=106555315294820607512&rtpof=true&sd=true ">https://docs.google.com/spreadsheets/d/1yKIrdCPDAG_9c22mwoOIO2DOhtj65Wqa/edit?usp=sharing&ouid=106555315294820607512&rtpof=true&sd=true </a> |
| Link text | List of Curated E-Books |
| 942 ## - ADDED ENTRY ELEMENTS (KOHA) | |
| Koha item type | E-Book |
| Withdrawn status | Source of classification or shelving scheme | Damaged status | Not for loan | Home library | Current library | Date acquired | Total Checkouts | Date last seen | Price effective from | Koha item type |
|---|---|---|---|---|---|---|---|---|---|---|
| Library of Congress Classification | Not For Loan | Directory of Open Access Books | Directory of Open Access Books | 12/22/2021 | 12/22/2021 | 12/22/2021 | E-Book |